书目信息 |
| 题名: |
美国内战史
|
|
| 作者: | 刘祚昌 著 | |
| 分册: | ||
| 出版信息: | 北京 人民出版社 1978 |
|
| 页数: | 640页 | |
| 开本: | 20cm | |
| 丛书名: | ||
| 单 册: | ||
| 中图分类: | K712.51 | |
| 科图分类: | ||
| 主题词: | 美国南北战争(1861~1865) , 北美洲--历史 | |
| 电子资源: | ||
| ISBN: | ||
| 000 | 00613nam0 2200229 45 | |
| 001 | 0178002469 | |
| 005 | 20060818090808.76 | |
| 010 | @dCNY1.65 | |
| 091 | @a11001.340 | |
| 100 | @a19950725d1978 em y0chiy0121 ea | |
| 101 | 0 | @achi |
| 102 | @aCN@b110000 | |
| 105 | @ay z 000yy | |
| 200 | 10 | @a美国内战史@AMei Guo Nei Zhan Shi@f刘祚昌著@Fliu zuo chang zhu |
| 210 | @a北京@c人民出版社@d1978 | |
| 215 | @a640页@d20cm | |
| 606 | @a美国南北战争(1861~1865) | |
| 606 | 0 | @a北美洲@x历史 |
| 690 | @aK712.51@v3 | |
| 701 | 0 | @a刘祚昌@Aliu zuo chang@4著 |
| 801 | 0 | @aCN@bNLC@c20060818 |
| 905 | @dK712.51@e2@f1@b6881 | |
| 美国内战史/刘祚昌著.-北京:人民出版社,1978 |
| 640页;20cm |
| ISBN :CNY1.65 |
| ● |
| 相关链接 |
|
|
|
|
正题名:美国内战史
索取号:K712.51/2
 
预约/预借
| 序号 | 登录号 | 条形码 | 馆藏地/架位号 | 状态 | 备注 |
| 1 | 0006880 | 202172870 | 密集书库/ [索取号:K712.51/2] | 在馆 | |
| 2 | 0006881 | 001413321 | 密集书库/ [索取号:K712.51/2] | 在馆 | |
| 3 | 0015356 | 001413367 | 密集书库/ [索取号:K712.51/2] | 在馆 | |
| 4 | 0466462 | 204664620 | 密集书库/ [索取号:K712.51/2] | 在馆 |